| 000 | 00418 a2200157 4500 | ||
|---|---|---|---|
| 005 | 20250612172722.0 | ||
| 020 | _a978-1-292-36-6307-3 | ||
| 082 | _a657.42 DAT | ||
| 100 | _aDATAR, S. M. | ||
| 245 | _aHorngren's Cost Accounting : A Managerial Emphasis. | ||
| 250 | _a17th Ed | ||
| 260 |
_aLondon, _bPearson, _c2021. |
||
| 300 |
_a1024p.: ill.; table _bGlossary & Index _c27cm |
||
| 700 | _aRAJAN, M. | ||
| 942 |
_2ddc _cBKS |
||
| 999 |
_c3909 _d3909 |
||